IMPOSSIBLE flag quiz - Statistics

General Stats
  • This quiz has been taken 133 times
  • The average score is 6 of 16
Answer Stats
Picture Answer % Correct
Tasmania
76%
Sardinia
75%
Nunavut
74%
Toronto
44%
Yucatan
39%
Bangkok
36%
Ulaanbaatar
33%
Reykjavik
31%
Sydney
31%
Zlin
30%
Nuuk
29%
Vaduz
27%
Brno
15%
Wroclaw
15%
Kolkata
14%
Brezno
13%
No matching quizzes found
Score Distribution
Percent of People with Each Score
Percentile by Number Answered
Your Score History
You have not taken this quiz